Moderní informační zdroje diplomových a doktorských prací v oblasti sociálně-ekonomických věd
Salvato in:
| Autore principale: | |
|---|---|
| Altri autori: | |
| Natura: | Libro |
| Lingua: | ceco |
| Pubblicazione: |
Brno
Masarykova univerzita - Ekonomicko-správní fakulta
2001
|
| Soggetti: | |
| Tags: |
Nessun Tag, puoi essere il primo ad aggiungerne!!
|
MARC
| LEADER | 00000nam a2200000 4500 | ||
|---|---|---|---|
| 001 | c132638 | ||
| 005 | 20221124103508.9 | ||
| 020 | |a 80-210-2646-4 | ||
| 041 | 0 | |a cze | |
| 044 | |a CZ | ||
| 245 | 1 | 0 | |a Moderní informační zdroje diplomových a doktorských prací v oblasti sociálně-ekonomických věd |c Jaroslav Nekuda, Antonín Slaný |
| 264 | 1 | |a Brno |b Masarykova univerzita - Ekonomicko-správní fakulta |c 2001 | |
| 300 | |a 100 s. | ||
| 610 | 2 | 0 | |a zdroje informácií |
| 610 | 2 | 0 | |a informácie |
| 610 | 2 | 0 | |a knižnice |
| 610 | 2 | 0 | |a služby informačné |
| 610 | 2 | 0 | |a katalógy knižničné |
| 610 | 2 | 0 | |a informácie vedecké |
| 610 | 2 | 0 | |a elektronizácia |
| 610 | 2 | 0 | |a katalógy |
| 610 | 2 | 0 | |a veda ekonomická |
| 610 | 2 | 0 | |a práce diplomové |
| 610 | 2 | 0 | |a práce kvalifikačné |
| 100 | 1 | |a Nekuda, Jaroslav | |
| 700 | 1 | |a Slaný, Antonín | |